Bardziej niż ty /

Պահպանված է:
Մատենագիտական մանրամասներ
Հիմնական հեղինակ: Gąsiorowski, Krzysztof (1935-2012)
Համատեղ հեղինակ: Czytelnik
Ձևաչափ: Գիրք
Լեզու:լեհերեն
Հրապարակվել է: Warszawa : "Czytelnik", 1975.
Շարք:Seria Poetycka (Czytelnik)
Ցուցիչներ: Ավելացրեք ցուցիչ
Չկան պիտակներ, Եղեք առաջինը, ով նշում է այս գրառումը!

MARC

LEADER 00000nam a2200000 i 4500
001 991022870279705066
005 20260515140225.0
008 040318s1975 pl |000 p pol
035 |a 991022870279705066 
035 |a (PL-WaBN)b16170556-48omnis_nlop 
035 |a b16170556 
035 |a (OCoLC)751129091 
035 |a xx001563044 
035 |a (PL)b0000001617055 
035 |a (EXLNZ-48OMNIS_NETWORK)9910037510605606 
040 |a WA N  |c WA N  |d WA 392  |d WA N 
041 0 |a pol 
080 |a 884-1 
090 |c 35  |d 34 
100 1 |a Gąsiorowski, Krzysztof  |d (1935-2012) 
245 1 0 |a Bardziej niż ty /  |c Krzysztof Gąsiorowski. 
260 |a Warszawa :  |b "Czytelnik",  |c 1975. 
300 |a 69, [3] strony ;  |c 20 cm. 
500 |a Tzw. Seria Poetycka. 
710 2 |a Czytelnik 
830 0 |a Seria Poetycka (Czytelnik) 
942 |c K 
952 |0 0  |1 0  |4 0  |6 R__16_000000000000000  |7 0  |9 33  |a RYT  |b RYT  |d 2026-03-17  |e 1/2026  |g 10.00  |l 0  |o R.16  |p 2000000000169  |r 2026-05-15 14:02:25  |w 2026-05-15  |y BK  |z da 
999 |c 33  |d 33